| 000 | 01923cam a22005174i 4500 | ||
|---|---|---|---|
| 003 | PE-LiUPU | ||
| 005 | 20250731184540.0 | ||
| 008 | 150616s2015 is a rb 001 0 eng d | ||
| 020 | _a965220868X | ||
| 020 | _a9789652208682 | ||
| 035 | _a(Sirsi) a252286 | ||
| 040 |
_aPE-LiUPU _bspa _cPE-LiUPU _erda |
||
| 049 | _aPRUA | ||
| 082 | 0 | 4 |
_a933.03 _bR1 _220 |
| 245 | 0 | 4 |
_aThe raging torrent : _bhistorical inscriptions from Assyria and Babylonia relating to ancient Israel / _ctranslated and annotated by Mordechai Cogan. |
| 250 | _aSecond edition. | ||
| 264 | 1 |
_aJerusalem : _bCarta, _c2015. |
|
| 300 |
_axv, 304 páginas : _biluatraciones ; _c24 centímetros. |
||
| 336 |
_atext _2rdacontent |
||
| 337 |
_aunmediated _2rdamedia |
||
| 338 |
_avolume _2rdacarrier |
||
| 490 | 0 | _aCarta handbook | |
| 504 | _aBibliografía al final de cada capítulo. | ||
| 504 | _aÍndice: páginas 290-304. | ||
| 505 | 0 | _aShalmaneser III -- Adad-nerari III -- Shalmaneser IV -- Tiglath-pileser III -- Sargon II -- Sennacherib -- Merodach-baladan II -- Esarhaddon -- Ashurbanipal -- Assyrian Eponym Chronicle -- Neo-Babylonian chronicles -- Assyrian and Babylonian king lists -- Nebuchadnezzar II -- Cyrus II, King of Persia. | |
| 526 | _aP136 | ||
| 526 | _aP135 | ||
| 526 | _aP134 | ||
| 526 | _aP133 | ||
| 526 | _aP144 | ||
| 526 | _aP143 | ||
| 526 | _aP87 | ||
| 526 | _aP35 | ||
| 526 | _aP20 | ||
| 526 | _aP14 | ||
| 526 | _aP10 | ||
| 526 | _aP06 | ||
| 650 | 1 | 4 |
_aJudíos _xHistoria _y953-586 BC. |
| 650 | 1 | 4 |
_aAsiria _xHistoria _vFuentes. |
| 910 |
_ajpc _bjpc _cjpc _d20190711 |
||
| 942 |
_2ddc _cBOOK |
||
| 994 |
_aC0 _bPEPRU |
||
| 596 | _a1 | ||
| 999 |
_a933.03 R1 _wDEWEY _c31516 _i80238 _f2021-11-11 _g3 _lCCODEBUL1 _mBUL _p55.00 _r0 _sY _tBOOK _u2019-7-11 _xTEOLOGIA _PP35 _0COMPRA _o.STAFF. Colección Teología _d31516 |
||
| 980 |
_81 _gALBERTO SANCHEZ Responsable de Automatización |
||